[Event "Welsh Open Chess Championship"]
[Site "Mercure Cardiff North Hotel, Circle Way East, Llanedeyrn, Cardiff CF23 9XF"]
[Date "2024.04.01"]
[Round "6"]
[Board "6"]
[White "Probert, Malcolm"]
[Black "Mba, Reginald"]
[Result "1/2-1/2"]
[WhiteElo "1728"]
[BlackElo "1855"]
[PlyCount "99"]
[EventDate "2024.03.29"]
[EventType "swiss"]
[EventRounds "7"]
[EventCountry "WLS"]

1. Nf3 {[%emt 0:00:04]} d5 {[%emt 0:00:12]} 2. d4 {[%emt 0:00:06]} e6 {[%emt 0:00:15]} 3. g3 {[%emt 0:00:12]} c5 {[%emt 0:00:26]} 4. c4 {[%emt 0:00:11]} dxc4 {[%emt 0:00:32]} 5. Qa4+ {[%emt 0:04:02]} Bd7 {[%emt 0:01:22]} 6. Qxc4 {[%emt 0:00:08]} Nc6 {[%emt 0:00:56]} 7. Bg2 {[%emt 0:00:35]} b5 {[%emt 0:01:11]} 8. Qd3 {[%emt 0:04:31]} c4 {[%emt 0:00:22]} 9. Qd1 {[%emt 0:00:09]} Rc8 {[%emt 0:00:23]} 10. O-O {[%emt 0:01:22]} Nf6 {[%emt 0:00:08]} 11. Ne5 {[%emt 0:05:35]} Nxe5 {[%emt 0:03:12]} 12. dxe5 {[%emt 0:00:08]} Nd5 {[%emt 0:01:15]} 13. Bxd5 {[%emt 0:00:46]} exd5 {[%emt 0:00:14]} 14. Qxd5 {[%emt 0:00:09]} Bc6 {[%emt 0:00:26]} 15. Qxd8+ {[%emt 0:00:16]} Rxd8 {[%emt 0:00:29]} 16. Be3 {[%emt 0:01:52]} Rd7 {[%emt 0:01:10]} 17. Nd2 {[%emt 0:01:24]} Be7 {[%emt 0:01:58]} 18. Nf3 {[%emt 0:00:35]} a6 {[%emt 0:02:25]} 19. Nd4 {[%emt 0:03:43]} Be4 {[%emt 0:01:13]} 20. e6 {[%emt 0:07:13]} fxe6 {[%emt 0:00:28]} 21. Nxe6 {[%emt 0:00:08]} Kf7 {[%emt 0:00:28]} 22. Ng5+ {[%emt 0:04:07]} Bxg5 {[%emt 0:00:09]} 23. Bxg5 {[%emt 0:00:08]} h6 {[%emt 0:01:18]} 24. Be3 {[%emt 0:00:27]} Rhd8 {[%emt 0:00:20]} 25. f3 {[%emt 0:02:20]} Bh7 {[%emt 0:00:41]} 26. Rfc1 {[%emt 0:01:33]} Re8 {[%emt 0:01:56]} 27. Kf2 {[%emt 0:00:22]} Rde7 {[%emt 0:00:11]} 28. Bd4 {[%emt 0:06:23]} Rxe2+ {[%emt 0:01:20]} 29. Kg1 {[%emt 0:00:11]} Rd8 {[%emt 0:07:34]} 30. Bc3 {[%emt 0:00:10]} Rd3 {[%emt 0:00:45]} 31. Re1 {[%emt 0:10:50]} Rc2 {[%emt 0:04:33]} 32. Rac1 {[%emt 0:02:39]} Rxf3 {[%emt 0:02:40]} 33. Rxc2 {[%emt 0:02:21]} Bxc2 {[%emt 0:00:22]} 34. Re2 {[%emt 0:01:58]} Bd3 {[%emt 0:00:55]} 35. Rf2 {[%emt 0:00:19]} Rxf2 {[%emt 0:01:30]} 36. Kxf2 {[%emt 0:00:06]} g5 {[%emt 0:00:35]} 37. Ke3 {[%emt 0:00:17]} Ke6 {[%emt 0:01:47]} 38. a3 {[%emt 0:01:12]} h5 {[%emt 0:02:28]} 39. h4 {[%emt 0:08:30]} gxh4 {[%emt 0:03:26]} 40. gxh4 {[%emt 0:00:02]} Kf5 {[%emt 0:00:37]} 41. Kf3 {[%emt 0:00:08]} Be4+ {[%emt 0:00:54]} 42. Kg3 {[%emt 0:01:27]} Bd5 {[%emt 0:01:45]} 43. Bg7 {[%emt 0:10:00]} Ke4 {[%emt 0:00:33]} 44. Bc3 {[%emt 0:00:56]} Kd3 {[%emt 0:00:17]} 45. Kf4 {[%emt 0:01:40]} Kc2 {[%emt 0:01:02]} 46. Ke5 {[%emt 0:00:07]} Bf3 {[%emt 0:03:13]} 47. Kd4 {[%emt 0:00:34]} Kb3 {[%emt 0:03:07]} 48. Kc5 {[%emt 0:00:17]} Be2 {[%emt 0:00:31]} 49. Kb6 {[%emt 0:00:13]} Ka4 {[%emt 0:03:21]} 50. Kxa6 {[%emt 0:00:07]} 1/2-1/2

[Event "Welsh Open Chess Championship"]
[Site "Mercure Cardiff North Hotel, Circle Way East, Llanedeyrn, Cardiff CF23 9XF"]
[Date "2024.04.01"]
[Round "6"]
[Board "7"]
[White "Thomas, Roy"]
[Black "Murthy, Arush"]
[Result "1-0"]
[WhiteElo "1804"]
[BlackElo "1526"]
[PlyCount "21"]
[EventDate "2024.03.29"]
[EventType "swiss"]
[EventRounds "7"]
[EventCountry "WLS"]

1. f4 {[%emt 0:08:17]} g6 {[%emt 0:00:07]} 2. Nf3 {[%emt 0:00:05]} Bg7 {[%emt 0:00:09]} 3. e3 {[%emt 0:01:04]} d6 {[%emt 0:00:15]} 4. d4 {[%emt 0:00:50]} Nd7 {[%emt 0:00:20]} 5. Bc4 {[%emt 0:03:47]} h6 {[%emt 0:02:25]} 6. O-O {[%emt 0:00:16]} Ngf6 {[%emt 0:01:45]} 7. Nc3 {[%emt 0:02:25]} O-O {[%emt 0:00:39]} 8. Nh4 {[%emt 0:07:42]} e5 {[%emt 0:09:55]} 9. Nxg6 {[%emt 0:01:28]} Re8 {[%emt 0:02:10]} 10. fxe5 {[%emt 0:02:10]} dxe5 {[%emt 0:00:56]} 11. dxe5 {[%emt 0:01:27]} 1-0

[Event "Welsh Open Chess Championship"]
[Site "Mercure Cardiff North Hotel, Circle Way East, Llanedeyrn, Cardiff CF23 9XF"]
[Date "2024.04.01"]
[Round "6"]
[Board "8"]
[White "Di-Vetta, Andrew"]
[Black "Hurn, Robert AJ"]
[Result "1-0"]
[WhiteElo "1783"]
[BlackElo "1711"]
[PlyCount "99"]
[EventDate "2024.03.29"]
[EventType "swiss"]
[EventRounds "7"]
[EventCountry "WLS"]

1. e4 {[%emt 0:00:03]} c5 {[%emt 0:00:06]} 2. Nf3 {[%emt 0:00:38]} d6 {[%emt 0:00:06]} 3. g3 {[%emt 0:00:16]} Nc6 {[%emt 0:00:57]} 4. Bg2 {[%emt 0:00:16]} g6 {[%emt 0:01:09]} 5. O-O {[%emt 0:00:09]} Bg7 {[%emt 0:00:08]} 6. d3 {[%emt 0:00:38]} e6 {[%emt 0:01:02]} 7. c3 {[%emt 0:00:15]} Nge7 {[%emt 0:00:35]} 8. Qe2 {[%emt 0:00:49]} O-O {[%emt 0:00:29]} 9. Re1 {[%emt 0:00:47]} Qc7 {[%emt 0:01:37]} 10. Bf4 {[%emt 0:01:04]} e5 {[%emt 0:00:26]} 11. Be3 {[%emt 0:01:00]} Rb8 {[%emt 0:01:09]} 12. Na3 {[%emt 0:01:19]} b5 {[%emt 0:00:32]} 13. Rec1 {[%emt 0:01:32]} Bg4 {[%emt 0:02:08]} 14. h3 {[%emt 0:00:29]} Bd7 {[%emt 0:00:29]} 15. Nh2 {[%emt 0:00:46]} Qc8 {[%emt 0:01:34]} 16. g4 {[%emt 0:01:11]} a6 {[%emt 0:01:27]} 17. f4 {[%emt 0:01:27]} f5 {[%emt 0:06:58]} 18. exf5 {[%emt 0:00:49]} gxf5 {[%emt 0:00:19]} 19. g5 {[%emt 0:01:30]} Qe8 {[%emt 0:03:15]} 20. h4 {[%emt 0:02:30]} Kh8 {[%emt 0:02:39]} 21. h5 {[%emt 0:00:45]} Rg8 {[%emt 0:00:39]} 22. h6 {[%emt 0:03:13]} Bf8 {[%emt 0:00:22]} 23. fxe5 {[%emt 0:00:45]} Nxe5 {[%emt 0:00:24]} 24. d4 {[%emt 0:00:40]} Ng4 {[%emt 0:03:41]} 25. Nxg4 {[%emt 0:01:03]} fxg4 {[%emt 0:00:11]} 26. Re1 {[%emt 0:09:52]} c4 {[%emt 0:05:09]} 27. d5 {[%emt 0:01:15]} Nf5 {[%emt 0:00:25]} 28. Qxg4 {[%emt 0:01:14]} Qg6 {[%emt 0:03:16]} 29. Bd4+ {[%emt 0:02:34]} Nxd4 {[%emt 0:01:03]} 30. Qxd4+ {[%emt 0:00:06]} Bg7 {[%emt 0:00:26]} 31. hxg7+ {[%emt 0:00:07]} Rxg7 {[%emt 0:00:20]} 32. Re7 {[%emt 0:00:30]} Qxg5 {[%emt 0:00:59]} 33. Qxg7+ {[%emt 0:00:13]} Qxg7 {[%emt 0:00:08]} 34. Rxg7 {[%emt 0:00:05]} Kxg7 {[%emt 0:00:07]} 35. Re1 {[%emt 0:00:36]} Bf5 {[%emt 0:00:44]} 36. Re7+ {[%emt 0:01:35]} Kf6 {[%emt 0:00:58]} 37. Ra7 {[%emt 0:00:07]} Rb6 {[%emt 0:00:58]} 38. Kf2 {[%emt 0:01:29]} Ke5 {[%emt 0:00:33]} 39. Ke3 {[%emt 0:00:25]} h5 {[%emt 0:00:30]} 40. Ra8 {[%emt 0:01:21]} Bg4 {[%emt 0:00:44]} 41. Re8+ {[%emt 0:00:21]} Kf6 {[%emt 0:00:21]} 42. Kf4 {[%emt 0:00:18]} a5 {[%emt 0:00:56]} 43. Bf3 {[%emt 0:00:45]} Bd7 {[%emt 0:00:43]} 44. Rh8 {[%emt 0:00:26]} b4 {[%emt 0:01:46]} 45. Nxc4 {[%emt 0:00:28]} bxc3 {[%emt 0:00:19]} 46. Nxb6 {[%emt 0:00:53]} c2 {[%emt 0:00:38]} 47. Nxd7+ {[%emt 0:00:05]} Ke7 {[%emt 0:00:21]} 48. Rc8 {[%emt 0:00:08]} Kxd7 {[%emt 0:00:18]} 49. Rxc2 {[%emt 0:00:06]} h4 {[%emt 0:00:10]} 50. Bg4+ {[%emt 0:00:09]} 1-0

[Event "Welsh Open Chess Championship"]
[Site "Mercure Cardiff North Hotel, Circle Way East, Llanedeyrn, Cardiff CF23 9XF"]
[Date "2024.04.01"]
[Round "6"]
[Board "9"]
[White "Zheng, Lucas"]
[Black "Blackmore, Simon"]
[Result "1-0"]
[WhiteElo "1617"]
[BlackElo "1749"]
[PlyCount "49"]
[EventDate "2024.03.29"]
[EventType "swiss"]
[EventRounds "7"]
[EventCountry "WLS"]

1. e4 {[%emt 0:00:02]} e5 {[%emt 0:00:03]} 2. Nf3 {[%emt 0:01:00]} Nc6 {[%emt 0:00:03]} 3. d4 {[%emt 0:00:16]} exd4 {[%emt 0:00:13]} 4. Bc4 {[%emt 0:00:07]} Nf6 {[%emt 0:00:15]} 5. e5 {[%emt 0:00:14]} d5 {[%emt 0:00:14]} 6. Bb5 {[%emt 0:00:08]} Ne4 {[%emt 0:00:38]} 7. Nxd4 {[%emt 0:00:15]} Bc5 {[%emt 0:00:21]} 8. O-O {[%emt 0:00:43]} Bd7 {[%emt 0:03:26]} 9. Bxc6 {[%emt 0:01:29]} bxc6 {[%emt 0:00:45]} 10. f3 {[%emt 0:00:11]} Ng5 {[%emt 0:01:08]} 11. f4 {[%emt 0:00:08]} Ne4 {[%emt 0:00:47]} 12. Be3 {[%emt 0:00:21]} O-O {[%emt 0:01:01]} 13. Nd2 {[%emt 0:00:20]} Nxd2 {[%emt 0:12:05]} 14. Qxd2 {[%emt 0:00:55]} Qe7 {[%emt 0:02:50]} 15. Nf3 {[%emt 0:02:48]} Bf5 {[%emt 0:08:24]} 16. c3 {[%emt 0:05:04]} Rad8 {[%emt 0:10:39]} 17. b4 {[%emt 0:01:15]} Bb6 {[%emt 0:03:18]} 18. Bxb6 {[%emt 0:00:48]} axb6 {[%emt 0:01:50]} 19. Nd4 {[%emt 0:00:51]} Bd7 {[%emt 0:00:39]} 20. Rae1 {[%emt 0:00:35]} c5 {[%emt 0:00:28]} 21. bxc5 {[%emt 0:00:08]} Qxc5 {[%emt 0:01:24]} 22. Qe3 {[%emt 0:00:35]} Ra8 {[%emt 0:01:30]} 23. f5 {[%emt 0:01:34]} Rxa2 24. f6 Ra3 {[%emt 0:07:39]} 25. Qg5 {[%emt 0:00:57]} 1-0

[Event "Welsh Open Chess Championship"]
[Site "Mercure Cardiff North Hotel, Circle Way East, Llanedeyrn, Cardiff CF23 9XF"]
[Date "2024.04.01"]
[Round "6"]
[Board "10"]
[White "Mcgrath, Ethan"]
[Black "Smith, Chris P"]
[Result "0-1"]
[WhiteElo "1738"]
[BlackElo "1669"]
[PlyCount "140"]
[EventDate "2024.03.29"]
[EventType "swiss"]
[EventRounds "7"]
[EventCountry "WLS"]

1. c4 {[%emt 0:00:03]} f5 {[%emt 0:00:11]} 2. Nc3 {[%emt 0:00:09]} Nf6 {[%emt 0:00:28]} 3. Nf3 {[%emt 0:00:07]} g6 {[%emt 0:00:19]} 4. g3 {[%emt 0:00:12]} Bg7 {[%emt 0:00:05]} 5. Bg2 {[%emt 0:00:07]} O-O {[%emt 0:00:10]} 6. O-O {[%emt 0:00:06]} d6 {[%emt 0:00:26]} 7. d3 {[%emt 0:00:12]} c6 {[%emt 0:00:33]} 8. b4 {[%emt 0:04:30]} e5 {[%emt 0:02:36]} 9. a4 {[%emt 0:01:34]} e4 {[%emt 0:04:10]} 10. Ng5 {[%emt 0:05:11]} h6 {[%emt 0:10:51]} 11. Nh3 {[%emt 0:00:52]} g5 {[%emt 0:04:57]} 12. Rb1 {[%emt 0:01:56]} Ng4 {[%emt 0:10:30]} 13. Qc2 {[%emt 0:03:27]} Qe8 {[%emt 0:02:33]} 14. dxe4 {[%emt 0:17:32]} Bxc3 {[%emt 0:03:49]} 15. Qxc3 {[%emt 0:00:12]} fxe4 {[%emt 0:01:10]} 16. f3 {[%emt 0:02:02]} exf3 {[%emt 0:04:04]} 17. exf3 {[%emt 0:01:12]} Ne5 {[%emt 0:01:11]} 18. Nf2 {[%emt 0:03:17]} Qf7 {[%emt 0:08:01]} 19. Ne4 {[%emt 0:01:38]} Qxc4 {[%emt 0:02:42]} 20. Qxc4+ {[%emt 0:01:39]} Nxc4 {[%emt 0:00:07]} 21. f4 {[%emt 0:03:01]} d5 {[%emt 0:03:19]} 22. Nc5 {[%emt 0:03:34]} b6 {[%emt 0:06:41]} 23. Nd3 {[%emt 0:00:49]} Bf5 {[%emt 0:01:59]} 24. Rb3 {[%emt 0:01:59]} Bxd3 {[%emt 0:04:19]} 25. Rxd3 {[%emt 0:00:11]} Nd7 {[%emt 0:03:22]} 26. fxg5 {[%emt 0:04:14]} hxg5 {[%emt 0:03:04]} 27. Rxf8+ {[%emt 0:04:04]} Rxf8 {[%emt 0:00:09]} 28. Bxg5 {[%emt 0:00:28]} Nde5 {[%emt 0:01:22]} 29. Rd1 {[%emt 0:02:25]} Nf3+ {[%emt 0:03:49]} 30. Bxf3 {[%emt 0:00:11]} Rxf3 {[%emt 0:00:10]} 31. Ra1 {[%emt 0:03:31]} d4 {[%emt 0:02:51]} 32. Rc1 {[%emt 0:01:50]} Ne5 {[%emt 0:01:10]} 33. Bf4 {[%emt 0:02:21]} Nd3 {[%emt 0:01:02]} 34. Rxc6 {[%emt 0:00:30]} Nxf4 {[%emt 0:00:07]} 35. Rc8+ {[%emt 0:00:17]} Kf7 {[%emt 0:00:33]} 36. gxf4 {[%emt 0:00:18]} Ke6 {[%emt 0:00:57]} 37. Kg2 {[%emt 0:02:21]} Rxf4 {[%emt 0:00:14]} 38. Kg3 {[%emt 0:00:24]} Rf7 {[%emt 0:01:27]} 39. Re8+ {[%emt 0:00:54]} Kd5 {[%emt 0:00:34]} 40. Re1 {[%emt 0:00:53]} d3 {[%emt 0:01:27]} 41. h4 {[%emt 0:01:46]} Kd4 {[%emt 0:01:04]} 42. h5 {[%emt 0:03:21]} d2 {[%emt 0:01:02]} 43. Rd1 {[%emt 0:02:53]} Kd3 {[%emt 0:00:36]} 44. Kg4 {[%emt 0:00:18]} Kc2 {[%emt 0:00:55]} 45. Rxd2+ Kxd2 {[%emt 0:00:07]} 46. Kg5 {[%emt 0:00:11]} Rh7 {[%emt 0:00:17]} 47. Kg6 {[%emt 0:00:12]} Rxh5 {[%emt 0:00:07]} 48. Kxh5 {[%emt 0:00:04]} Kc3 {[%emt 0:00:09]} 49. a5 {[%emt 0:01:37]} Kxb4 {[%emt 0:00:21]} 50. axb6 {[%emt 0:00:12]} axb6 {[%emt 0:00:14]} 51. Kg4 {[%emt 0:00:08]} Kc3 {[%emt 0:00:07]} 52. Kf3 {[%emt 0:00:05]} b5 {[%emt 0:00:15]} 53. Ke2 {[%emt 0:00:07]} Kc2 {[%emt 0:00:13]} 54. Ke3 {[%emt 0:00:07]} b4 {[%emt 0:00:10]} 55. Kd4 {[%emt 0:00:05]} b3 {[%emt 0:00:06]} 56. Ke5 {[%emt 0:00:05]} b2 {[%emt 0:00:09]} 57. Ke6 {[%emt 0:00:43]} b1=Q {[%emt 0:00:15]} 58. Ke5 {[%emt 0:00:07]} Qb4 {[%emt 0:00:31]} 59. Kd5 {[%emt 0:00:15]} Kd3 {[%emt 0:00:38]} 60. Ke5 {[%emt 0:00:15]} Qe4+ {[%emt 0:00:10]} 61. Kd6 {[%emt 0:00:28]} Qf5 {[%emt 0:00:13]} 62. Kc6 {[%emt 0:00:12]} Kc4 {[%emt 0:00:08]} 63. Kd6 {[%emt 0:00:02]} Qd5+ {[%emt 0:00:10]} 64. Ke7 {[%emt 0:00:09]} Qc6 {[%emt 0:00:07]} 65. Kf7 {[%emt 0:00:08]} Kd5 {[%emt 0:00:06]} 66. Ke7 {[%emt 0:00:10]} Qe6+ {[%emt 0:00:06]} 67. Kf8 {[%emt 0:00:09]} Qd7 {[%emt 0:00:09]} 68. Kg8 {[%emt 0:00:08]} Ke6 {[%emt 0:00:08]} 69. Kh8 {[%emt 0:00:06]} Kf6 {[%emt 0:00:13]} 70. Kg8 {[%emt 0:00:08]} Qg7# {[%emt 0:00:06]} 0-1

[Event "Welsh Open Chess Championship"]
[Site "Mercure Cardiff North Hotel, Circle Way East, Llanedeyrn, Cardiff CF23 9XF"]
[Date "2024.04.01"]
[Round "6"]
[Board "11"]
[White "Wilkins, Zack"]
[Black "Powell-Jones, Liam"]
[Result "1-0"]
[WhiteElo "1615"]
[BlackElo "1756"]
[PlyCount "81"]
[EventDate "2024.03.29"]
[EventType "swiss"]
[EventRounds "7"]
[EventCountry "WLS"]

1. e4 {[%emt 0:00:02]} c5 {[%emt 0:00:04]} 2. Nf3 {[%emt 0:00:09]} Nc6 {[%emt 0:00:04]} 3. Bb5 {[%emt 0:03:53]} Nd4 {[%emt 0:01:28]} 4. Nxd4 {[%emt 0:00:16]} cxd4 {[%emt 0:00:04]} 5. O-O {[%emt 0:02:35]} a6 {[%emt 0:02:20]} 6. Bc4 {[%emt 0:00:55]} e6 {[%emt 0:02:19]} 7. Qe2 {[%emt 0:13:20]} b5 {[%emt 0:03:20]} 8. Bb3 {[%emt 0:00:11]} Bb7 {[%emt 0:01:10]} 9. d3 {[%emt 0:07:59]} Nf6 {[%emt 0:16:16]} 10. Nd2 {[%emt 0:05:54]} d5 {[%emt 0:07:16]} 11. e5 {[%emt 0:01:33]} Nd7 {[%emt 0:00:05]} 12. f4 {[%emt 0:05:29]} Nc5 {[%emt 0:01:07]} 13. f5 {[%emt 0:08:58]} Bc8 {[%emt 0:09:34]} 14. fxe6 {[%emt 0:12:14]} Bxe6 {[%emt 0:00:07]} 15. Nf3 {[%emt 0:01:07]} Nxb3 {[%emt 0:00:24]} 16. axb3 {[%emt 0:00:05]} h6 {[%emt 0:00:16]} 17. Nxd4 {[%emt 0:03:08]} Bc5 {[%emt 0:00:06]} 18. Be3 {[%emt 0:03:38]} O-O {[%emt 0:05:18]} 19. Kh1 {[%emt 0:08:46]} Bxd4 {[%emt 0:00:52]} 20. Bxd4 {[%emt 0:00:07]} Qe7 {[%emt 0:06:16]} 21. Be3 {[%emt 0:02:03]} Rfc8 {[%emt 0:00:56]} 22. c3 {[%emt 0:01:33]} Rc6 {[%emt 0:05:56]} 23. b4 {[%emt 0:00:55]} Qc7 {[%emt 0:01:38]} 24. Bc5 {[%emt 0:00:20]} Qd7 {[%emt 0:05:12]} 25. d4 {[%emt 0:01:43]} Bg4 {[%emt 0:00:15]} 26. Qe3 {[%emt 0:01:12]} Rg6 {[%emt 0:00:46]} 27. Rf2 {[%emt 0:04:21]} Rc8 {[%emt 0:05:52]} 28. Raf1 {[%emt 0:01:30]} Be6 {[%emt 0:00:27]} 29. Qd3 {[%emt 0:02:25]} Rc6 {[%emt 0:01:39]} 30. Rf3 {[%emt 0:01:47]} Qc8 {[%emt 0:02:00]} 31. Rg3 {[%emt 0:00:54]} Rxg3 {[%emt 0:00:17]} 32. Qxg3 {[%emt 0:00:04]} Bf5 {[%emt 0:00:14]} 33. Qf4 {[%emt 0:01:02]} Bg6 {[%emt 0:01:05]} 34. Bd6 {[%emt 0:03:20]} Qe6 {[%emt 0:01:53]} 35. Qh4 {[%emt 0:00:03]} Rc8 {[%emt 0:02:05]} 36. Ra1 {[%emt 0:01:26]} Qf5 {[%emt 0:00:48]} 37. Re1 {[%emt 0:01:46]} Qc2 {[%emt 0:01:37]} 38. e6 {[%emt 0:01:06]} fxe6 {[%emt 0:01:09]} 39. Be5 {[%emt 0:01:06]} Qxb2 {[%emt 0:00:47]} 40. Qe7 {[%emt 0:00:39]} Bf7 {[%emt 0:01:34]} 41. Rf1 {[%emt 0:02:59]} 1-0

[Event "Welsh Open Chess Championship"]
[Site "Mercure Cardiff North Hotel, Circle Way East, Llanedeyrn, Cardiff CF23 9XF"]
[Date "2024.04.01"]
[Round "6"]
[Board "12"]
[White "Anandkumar, Govind"]
[Black "Williams, Stephen"]
[Result "1-0"]
[WhiteElo "1565"]
[BlackElo "1701"]
[PlyCount "93"]
[EventDate "2024.03.29"]
[EventType "swiss"]
[EventRounds "7"]
[EventCountry "WLS"]

1. e4 {[%emt 0:00:01]} c5 {[%emt 0:00:17]} 2. c3 {[%emt 0:00:11]} Nf6 {[%emt 0:00:11]} 3. e5 {[%emt 0:00:11]} Nd5 {[%emt 0:00:10]} 4. Nf3 {[%emt 0:00:24]} d6 {[%emt 0:00:23]} 5. exd6 {[%emt 0:01:10]} exd6 {[%emt 0:00:42]} 6. d4 {[%emt 0:02:01]} Be7 {[%emt 0:02:09]} 7. Bc4 {[%emt 0:00:29]} Nf6 {[%emt 0:04:43]} 8. h3 {[%emt 0:04:02]} O-O {[%emt 0:00:16]} 9. O-O {[%emt 0:01:19]} d5 {[%emt 0:01:49]} 10. Bb3 {[%emt 0:00:23]} c4 {[%emt 0:00:51]} 11. Bc2 {[%emt 0:00:13]} h6 {[%emt 0:00:19]} 12. Bf4 {[%emt 0:03:12]} Be6 {[%emt 0:05:47]} 13. Nbd2 {[%emt 0:01:20]} Nbd7 {[%emt 0:03:32]} 14. Re1 {[%emt 0:01:52]} Qb6 {[%emt 0:00:33]} 15. Rb1 {[%emt 0:01:03]} Rac8 {[%emt 0:00:27]} 16. Nf1 {[%emt 0:00:55]} Qa6 {[%emt 0:00:46]} 17. Ra1 {[%emt 0:01:54]} Rfe8 {[%emt 0:00:14]} 18. Ng3 {[%emt 0:00:48]} b5 {[%emt 0:04:48]} 19. Nf5 {[%emt 0:02:20]} Bf8 {[%emt 0:01:27]} 20. Ne5 {[%emt 0:04:40]} Qb6 {[%emt 0:04:50]} 21. Qf3 {[%emt 0:01:22]} b4 {[%emt 0:04:33]} 22. Qg3 {[%emt 0:02:13]} Kh8 {[%emt 0:03:29]} 23. Qh4 {[%emt 0:03:12]} Ng8 {[%emt 0:05:46]} 24. Re3 {[%emt 0:03:43]} bxc3 {[%emt 0:00:55]} 25. b3 {[%emt 0:14:58]} cxb3 {[%emt 0:04:50]} 26. axb3 {[%emt 0:00:47]} Ndf6 {[%emt 0:02:49]} 27. Rg3 {[%emt 0:10:19]} Ne4 {[%emt 0:01:06]} 28. Bxe4 {[%emt 0:16:48]} dxe4 {[%emt 0:00:18]} 29. Qg4 {[%emt 0:00:27]} Nf6 {[%emt 0:06:58]} 30. Qh4 {[%emt 0:07:51]} Ng8 {[%emt 0:04:14]} 31. Qg4 {[%emt 0:01:10]} Qb7 {[%emt 0:04:07]} 32. Nd6 {[%emt 0:07:41]} Bxg4 {[%emt 0:04:44]} 33. Nxb7 {[%emt 0:00:07]} Be6 {[%emt 0:01:58]} 34. Na5 {[%emt 0:01:21]} Nf6 {[%emt 0:00:59]} 35. Nac4 {[%emt 0:00:38]} Bxc4 {[%emt 0:01:20]} 36. Nxc4 {[%emt 0:00:11]} Rxc4 {[%emt 0:00:12]} 37. bxc4 {[%emt 0:00:19]} Nh5 {[%emt 0:00:52]} 38. Rg4 {[%emt 0:01:00]} f5 {[%emt 0:01:22]} 39. Rh4 {[%emt 0:00:41]} Nf6 {[%emt 0:00:29]} 40. g4 {[%emt 0:01:22]} fxg4 {[%emt 0:02:53]} 41. hxg4 {[%emt 0:00:12]} Nd5 {[%emt 0:01:07]} 42. cxd5 {[%emt 0:00:53]} Be7 {[%emt 0:00:36]} 43. Rh3 {[%emt 0:00:28]} Rc8 {[%emt 0:00:23]} 44. Rc1 {[%emt 0:02:28]} Bb4 {[%emt 0:00:42]} 45. Kf1 {[%emt 0:00:29]} Kh7 {[%emt 0:00:22]} 46. Ke2 {[%emt 0:00:42]} g5 {[%emt 0:02:28]} 47. Bxg5 {[%emt 0:00:29]} 1-0

[Event "Welsh Open Chess Championship"]
[Site "Mercure Cardiff North Hotel, Circle Way East, Llanedeyrn, Cardiff CF23 9XF"]
[Date "2024.04.01"]
[Round "6"]
[Board "13"]
[White "Swamy, Anshul"]
[Black "Williams, John A"]
[Result "1-0"]
[WhiteElo "1684"]
[BlackElo "1633"]
[PlyCount "67"]
[EventDate "2024.03.29"]
[EventType "swiss"]
[EventRounds "7"]
[EventCountry "WLS"]

1. e4 {[%emt 0:00:02]} d6 {[%emt 0:05:13]} 2. d4 {[%emt 0:00:06]} Nf6 {[%emt 0:00:14]} 3. Nc3 {[%emt 0:00:14]} c6 {[%emt 0:00:24]} 4. h3 {[%emt 0:02:14]} Qa5 {[%emt 0:02:00]} 5. Bd3 {[%emt 0:01:18]} e5 {[%emt 0:00:49]} 6. dxe5 {[%emt 0:01:28]} dxe5 {[%emt 0:00:22]} 7. Nf3 {[%emt 0:01:41]} Be7 {[%emt 0:02:18]} 8. O-O {[%emt 0:01:53]} O-O {[%emt 0:01:22]} 9. Bd2 {[%emt 0:05:00]} Qc7 {[%emt 0:01:31]} 10. Ne2 {[%emt 0:17:51]} Nbd7 {[%emt 0:02:24]} 11. Bc3 {[%emt 0:03:02]} Re8 {[%emt 0:04:25]} 12. Ng3 {[%emt 0:08:38]} Bf8 {[%emt 0:08:55]} 13. Re1 {[%emt 0:07:52]} a5 {[%emt 0:15:22]} 14. Qd2 {[%emt 0:08:07]} b6 {[%emt 0:05:28]} 15. a3 {[%emt 0:17:27]} Bb7 {[%emt 0:02:48]} 16. Rad1 {[%emt 0:02:30]} Rad8 {[%emt 0:01:42]} 17. Nf5 {[%emt 0:08:21]} c5 {[%emt 0:15:39]} 18. Qg5 {[%emt 0:03:27]} c4 {[%emt 0:02:13]} 19. Nh6+ {[%emt 0:01:02]} Kh8 {[%emt 0:01:51]} 20. Nxf7+ {[%emt 0:00:08]} Kg8 {[%emt 0:00:18]} 21. Nxd8 {[%emt 0:00:22]} cxd3 {[%emt 0:04:45]} 22. Nxb7 {[%emt 0:00:57]} dxc2 {[%emt 0:03:27]} 23. Rc1 {[%emt 0:00:59]} Qxb7 {[%emt 0:00:31]} 24. Nxe5 {[%emt 0:03:13]} Nc5 {[%emt 0:01:44]} 25. f3 {[%emt 0:02:26]} Rxe5 {[%emt 0:00:41]} 26. Bxe5 {[%emt 0:00:32]} Nd3 {[%emt 0:00:13]} 27. Rxc2 {[%emt 0:00:27]} Bc5+ {[%emt 0:01:16]} 28. Re3 {[%emt 0:01:29]} Nxe5 {[%emt 0:00:41]} 29. Rxc5 {[%emt 0:00:34]} Nxf3+ {[%emt 0:01:47]} 30. gxf3 {[%emt 0:00:14]} bxc5 {[%emt 0:00:17]} 31. Qxc5 {[%emt 0:00:59]} Qxb2 {[%emt 0:05:30]} 32. Qxa5 {[%emt 0:00:25]} Qc1+ {[%emt 0:00:13]} 33. Re1 {[%emt 0:00:31]} h6 {[%emt 0:01:01]} 34. Rxc1 {[%emt 0:00:08]} 1-0

[Event "Welsh Open Chess Championship"]
[Site "Mercure Cardiff North Hotel, Circle Way East, Llanedeyrn, Cardiff CF23 9XF"]
[Date "2024.04.01"]
[Round "6"]
[Board "14"]
[White "Prabhu, Vismith"]
[Black "Archibald, Mckenzie"]
[Result "1/2-1/2"]
[WhiteElo "1590"]
[BlackElo "1683"]
[PlyCount "23"]
[EventDate "2024.03.29"]
[EventType "swiss"]
[EventRounds "7"]
[EventCountry "WLS"]

1. d4 d5 {[%emt 0:00:41]} 2. c4 {[%emt 0:00:05]} c6 {[%emt 0:00:08]} 3. Nf3 {[%emt 0:00:10]} Nf6 {[%emt 0:00:06]} 4. Nc3 {[%emt 0:00:06]} a6 {[%emt 0:00:06]} 5. cxd5 {[%emt 0:01:49]} cxd5 {[%emt 0:00:21]} 6. Bg5 {[%emt 0:02:53]} e6 {[%emt 0:01:12]} 7. e3 {[%emt 0:00:37]} Be7 {[%emt 0:02:14]} 8. Bd3 {[%emt 0:02:53]} Nbd7 {[%emt 0:04:10]} 9. O-O {[%emt 0:02:06]} O-O {[%emt 0:02:34]} 10. h3 {[%emt 0:08:54]} b5 {[%emt 0:04:23]} 11. Rc1 {[%emt 0:04:33]} Nb6 {[%emt 0:04:08]} 12. Ne5 {[%emt 0:06:51]} 1/2-1/2